000 00587nam a2200205Ia 4500
005 20250923145150.0
008 008 250917s9999 xx 000 0 eng d
037 _aTextual
040 _aDSWL
_beng
_cDSWL
041 _aeng
_2eng
084 _aYX,ZF, N67
_qDSWL
100 _aBatten, T.R.
_9832436
245 0 _aNon-directive approach in group & community work
_cby T.R. Batten
260 _aLondon
_bOxford University Press
_c1967
300 _a278p.
365 _aINR
_b21
925 _g21
942 _cTEXL
_hYX,ZF, N67
999 _c1447943
_d1447943